[Event "NED-ch U16"]
[Site "Almelo"]
[Date "2023.05.06"]
[Round "7"]
[White "Smeets, Kobe"]
[Black "Kumar, Prajit Sai"]
[Result "1-0"]
[WhiteElo "2094"]
[BlackElo "2228"]
[PlyCount "107"]
[EventDate "2023.04.30"]
[EventType "swiss"]
[EventRounds "7"]
[EventCountry "NED"]
[SourceTitle "CBM 214 Extra"]
[Source "ChessBase"]
[SourceDate "2023.07.31"]
[SourceVersion "1"]
[SourceVersionDate "2023.07.31"]
[SourceQuality "1"]

1. e4 c5 2. Nf3 Nc6 3. d4 cxd4 4. Nxd4 e5 5. Nb5 d6 6. N1c3 a6 7. Na3 Be6 8. Nc4 Rb8 9. a4 Nb4 10. Be2 Rc8 11. Ne3 Nf6 12. 0-0 Be7 13. Ncd5 Nbxd5 14. exd5 Bd7 15. c4 a5 16. b4 axb4 17. Bd2 0-0 18. Bxb4 Ne4 19. Qb1 Nf6 20. a5 Qc7 21. Qb3 Rb8 22. Rfb1 Ne4 23. Bd3 f5 24. Qc2 g6 25. Bxe4 fxe4 26. Qxe4 Rf4 27. Qc2 Rbf8 28. Be1 Bc8 29. Rb6 R4f7 30. Rab1 Bg5 31. R1b3 Qc5 32. Qe2 Rf6 33. Rd3 e4 34. Rdb3 R6f7 35. Nd1 h5 36. Ne3 Qd4 37. Rxd6 Kh7 38. Rdb6 Bh4 39. g3 Bg5 40. h4 Bd8 41. R6b5 Rf3 42. Qb2 Bf6 43. Qxd4 Bxd4 44. d6 R8f7 45. Rd5 Bxe3 46. Rxe3 Rxe3 47. fxe3 Bh3 48. Bc3 Bd7 49. Rc5 Bc6 50. a6 Kg8 51. a7 Rf8 52. Rxc6 bxc6 53. d7 Kf7 54. Ba5 1-0

[Event "NED-ch U16"]
[Site "Almelo"]
[Date "2023.05.05"]
[Round "6"]
[White "Kumar, Prajit Sai"]
[Black "Labruyere, Roger"]
[Result "1-0"]
[WhiteElo "2228"]
[BlackElo "2160"]
[PlyCount "103"]
[EventDate "2023.04.30"]
[EventType "swiss"]
[EventRounds "7"]
[EventCountry "NED"]
[SourceTitle "CBM 214 Extra"]
[Source "ChessBase"]
[SourceDate "2023.07.31"]
[SourceVersion "1"]
[SourceVersionDate "2023.07.31"]
[SourceQuality "1"]

1. d4 Nf6 2. c4 g6 3. Nc3 Bg7 4. e4 0-0 5. Nf3 d6 6. Be2 e5 7. Be3 Re8 8. d5 Nh5 9. g3 Nf6 10. Nd2 h5 11. h3 Qd7 12. Qc2 Kh7 13. g4 hxg4 14. hxg4+ Kg8 15. f3 Nh7 16. 0-0-0 g5 17. c5 Qe7 18. b4 Bd7 19. Nb3 Rc8 20. Kb1 Be8 21. a4 Nd7 22. c6 bxc6 23. dxc6 Ndf6 24. Na5 Rcb8 25. Qb2 a6 26. Ka1 Bf8 27. Rxh7 Kxh7 28. Bxg5 Bg7 29. Nd5 Nxd5 30. Bxe7 Nxe7 31. Bc4 Kg8 32. Qc3 Rb6 33. Ka2 Bxc6 34. Nxc6 Nxc6 35. Rb1 Rab8 36. b5 axb5 37. Bxb5 Nd4 38. Bd3 Rxb1 39. Bxb1 c5 40. a5 Nc6 41. Qd2 Bf8 42. Ka1 Ra8 43. Ba2 Nb4 44. Kb1 Be7 45. Bc4 Rxa5 46. Qh6 d5 47. exd5 Ra7 48. d6 Bf8 49. Qg5+ Bg7 50. Qd8+ Kh7 51. d7 Nc6 52. Bd3+ 1-0

[Event "NED-ch U16"]
[Site "Almelo"]
[Date "2023.05.04"]
[Round "5"]
[White "Kumar, Prajit Sai"]
[Black "Bakija, Alan"]
[Result "1/2-1/2"]
[WhiteElo "2228"]
[BlackElo "1999"]
[PlyCount "87"]
[EventDate "2023.04.30"]
[EventType "swiss"]
[EventRounds "7"]
[EventCountry "NED"]
[SourceTitle "CBM 214 Extra"]
[Source "ChessBase"]
[SourceDate "2023.07.31"]
[SourceVersion "1"]
[SourceVersionDate "2023.07.31"]
[SourceQuality "1"]

1. d4 d5 2. Nf3 Nf6 3. c4 c6 4. g3 Nbd7 5. Bg2 Nb6 6. Nbd2 Bf5 7. b3 h6 8. 0-0 e6 9. Bb2 Be7 10. Re1 0-0 11. Ne5 Nbd7 12. Nxd7 Qxd7 13. e4 Nxe4 14. Nxe4 Bxe4 15. Bxe4 dxe4 16. Rxe4 Bf6 17. Qc2 Qc7 18. Rd1 Rad8 19. b4 Rd7 20. Re2 Rfd8 21. Red2 e5 22. dxe5 Rxd2 23. Rxd2 Rxd2 24. Qxd2 Bxe5 25. Bxe5 Qxe5 26. Qd8+ Kh7 27. Qd3+ Kg8 28. a3 g6 29. Kg2 h5 30. h3 a6 31. h4 Kg7 32. Kf3 Qf6+ 33. Kg2 Qe5 34. c5 Kf8 35. f4 Qe6 36. Kf3 Qg4+ 37. Kf2 Qe6 38. Qe3 Qd5 39. Ke2 Qg2+ 40. Kd3 Qd5+ 41. Qd4 Qf3+ 42. Qe3 Qd5+ 43. Kc3 Qa2 44. Kd4 1/2-1/2

[Event "Dieren op"]
[Site "Dieren"]
[Date "2022.08.03"]
[Round "8"]
[White "Kumar, Prajit Sai"]
[Black "Baselmans, Luuk"]
[Result "0-1"]
[WhiteElo "2040"]
[BlackElo "2256"]
[PlyCount "74"]
[EventDate "2022.07.26"]
[EventType "swiss"]
[EventRounds "9"]
[EventCountry "NED"]
[SourceTitle "CBM 209 Extra"]
[Source "ChessBase"]
[SourceDate "2022.09.30"]
[SourceVersion "1"]
[SourceVersionDate "2022.09.30"]
[SourceQuality "1"]

1. d4 Nf6 2. Nf3 e6 3. Bf4 b6 4. e3 Bb7 5. Bd3 d6 6. h3 Nbd7 7. Nbd2 Qe7 8. e4 g6 9. Qe2 e5 10. dxe5 dxe5 11. Bh2 Bg7 12. c3 0-0 13. 0-0 a6 14. Rfe1 Nh5 15. Nc4 Rad8 16. Qc2 Nf4 17. Bf1 f6 18. b4 Bh6 19. Ne3 Kh8 20. Rad1 a5 21. a3 axb4 22. cxb4 c5 23. b5 Ne6 24. Nd5 Bxd5 25. exd5 Nd4 26. Nxd4 cxd4 27. Rxd4 Qxa3 28. Ra4 Qc5 29. Rc4 Qxd5 30. Rd1 Qa8 31. Rc6 Bg7 32. Rdd6 Rfe8 33. Qd1 Nc5 34. Rxb6 Ne6 35. Ra6 Qb8 36. Bc4 Nc5 37. Rab6 Qxb6 0-1

[Event "Dieren op"]
[Site "Dieren"]
[Date "2022.08.01"]
[Round "6"]
[White "Kumar, Prajit Sai"]
[Black "Labruyere, Roger"]
[Result "1-0"]
[WhiteElo "2040"]
[BlackElo "2070"]
[PlyCount "97"]
[EventDate "2022.07.26"]
[EventType "swiss"]
[EventRounds "9"]
[EventCountry "NED"]
[SourceTitle "CBM 209 Extra"]
[Source "ChessBase"]
[SourceDate "2022.09.30"]
[SourceVersion "1"]
[SourceVersionDate "2022.09.30"]
[SourceQuality "1"]

1. d4 Nf6 2. Nf3 g6 3. Bg5 Bg7 4. Nbd2 0-0 5. e3 d6 6. Bc4 Nbd7 7. 0-0 c6 8. Re1 e5 9. dxe5 dxe5 10. e4 Qc7 11. c3 b5 12. Bf1 Nc5 13. Qc2 Ne6 14. Bh4 Bb7 15. a4 a6 16. c4 b4 17. c5 Nd7 18. Be7 Rfe8 19. Bd6 Qc8 20. a5 Bf8 21. Bxf8 Rxf8 22. Nb3 Qd8 23. Rac1 Qe7 24. Qc4 Ra7 25. Qxb4 Rb8 26. Qc3 Bc8 27. Nfd2 Rab7 28. Re3 Rb4 29. Qc2 Ndxc5 30. Nxc5 Rxb2 31. Qc3 Nxc5 32. Nf3 Nd7 33. Qxc6 Bb7 34. Qc3 Rb4 35. Qa3 Ba8 36. Bxa6 Nc5 37. Bf1 Qa7 38. Nxe5 Nxe4 39. Rd1 Rb1 40. Rxb1 Rxb1 41. Qd3 Rb2 42. Qd8+ Kg7 43. Nd7 h5 44. Qf8+ Kh7 45. Qxf7+ Kh6 46. Qf8+ Kg5 47. h4+ Kg4 48. Qf3+ Kxh4 49. Qf4# 1-0

[Event "Dieren op"]
[Site "Dieren"]
[Date "2022.07.30"]
[Round "5"]
[White "Zwirs, Jasper"]
[Black "Kumar, Prajit Sai"]
[Result "1/2-1/2"]
[WhiteElo "2105"]
[BlackElo "2040"]
[PlyCount "40"]
[EventDate "2022.07.26"]
[EventType "swiss"]
[EventRounds "9"]
[EventCountry "NED"]
[SourceTitle "CBM 209 Extra"]
[Source "ChessBase"]
[SourceDate "2022.09.30"]
[SourceVersion "1"]
[SourceVersionDate "2022.09.30"]
[SourceQuality "1"]

1. e4 c5 2. Nf3 Nc6 3. d4 cxd4 4. Nxd4 Nf6 5. Nc3 d6 6. f3 e5 7. Nb3 Be6 8. Be3 d5 9. exd5 Nxd5 10. Nxd5 Qxd5 11. Qxd5 Bxd5 12. 0-0-0 0-0-0 13. Bd3 Kb8 14. c3 Be7 15. Kc2 g6 16. Be4 Bxe4+ 17. fxe4 f5 18. exf5 gxf5 19. g3 Rhf8 20. Rhf1 h5 1/2-1/2

[Event "Amsterdam Science Park op-A"]
[Site "Amsterdam"]
[Date "2022.07.21"]
[Round "4"]
[White "Kumar, Prajit Sai"]
[Black "Blom, Vincent"]
[Result "1/2-1/2"]
[WhiteElo "2040"]
[BlackElo "2325"]
[PlyCount "105"]
[EventDate "2022.07.18"]
[EventType "swiss"]
[EventRounds "7"]
[EventCountry "NED"]
[SourceTitle "CBM 209 Extra"]
[Source "ChessBase"]
[SourceDate "2022.09.30"]
[SourceVersion "1"]
[SourceVersionDate "2022.09.30"]
[SourceQuality "1"]

1. d4 Nf6 2. Nf3 g6 3. Bg5 Bg7 4. Nbd2 d5 5. e3 0-0 6. Be2 c5 7. c3 Qb6 8. Qb3 Nc6 9. 0-0 Bf5 10. h3 h6 11. Bf4 g5 12. Bh2 c4 13. Qa3 Qd8 14. b3 b5 15. bxc4 bxc4 16. Bd1 a6 17. Qb2 Bd3 18. Re1 Ne4 19. Be2 Qa5 20. Rac1 Qb5 21. Qa3 Qa5 22. Qb2 e5 23. Bxd3 cxd3 24. dxe5 Qb5 25. Qa3 Qa5 26. Qb2 Rab8 27. Nb3 Qa4 28. Red1 Nc5 29. Nxc5 Qxd1+ 30. Rxd1 Rxb2 31. Nxa6 Ra8 32. Nc7 Ra5 33. Bg3 Rb7 34. Ne8 Rxa2 35. Kh2 d2 36. Nxg7 Kxg7 37. Nxd2 Ra4 38. Nf3 Ne7 39. h4 Kg6 40. Rd4 Ra1 41. hxg5 Rbb1 42. Kh3 Rh1+ 43. Kg4 hxg5 44. Nxg5 Nf5 45. Rxd5 Ra4+ 46. e4 Rh5 47. Bf4 Nh6+ 48. Kf3 Rxg5 49. Rd6+ Kh5 50. Bxg5 Kxg5 51. e6 f5 52. exf5 Nxf5 53. Rc6 1/2-1/2

[Event "NED-ch U14"]
[Site "Almelo"]
[Date "2022.05.05"]
[Round "7"]
[White "Smeets, Kobe"]
[Black "Kumar, Prajit Sai"]
[Result "0-1"]
[WhiteElo "1984"]
[BlackElo "2042"]
[PlyCount "133"]
[EventDate "2022.05.01"]
[EventType "swiss"]
[EventRounds "9"]
[EventCountry "NED"]
[SourceTitle "EXT 2023"]
[Source "ChessBase"]
[SourceDate "2022.10.05"]
[SourceVersion "1"]
[SourceVersionDate "2022.10.05"]
[SourceQuality "1"]

1. e4 c6 2. d4 d5 3. Nc3 dxe4 4. Nxe4 Nf6 5. Nxf6+ exf6 6. c3 Bd6 7. Bd3 0-0 8. Qc2 Re8+ 9. Ne2 h5 10. 0-0 h4 11. h3 Nd7 12. Bd2 Nf8 13. Rae1 Bc7 14. c4 g6 15. f4 f5 16. b4 a5 17. a3 Ne6 18. Qc3 b6 19. Bc1 Bb7 20. Bb2 Kh7 21. c5 Qd7 22. d5 Qxd5 23. Bc4 Qd7 24. Bxe6 fxe6 25. Nd4 e5 26. Nf3 Ba6 27. Ng5+ Kg8 28. fxe5 Qd3 29. Qxd3 Bxd3 30. Rf4 Bd8 31. Nf3 Be4 32. Nd4 axb4 33. axb4 bxc5 34. bxc5 Ra2 35. Rf2 Be7 36. Rc1 Bg5 37. Rc3 Rb8 38. Bc1 Ra1 39. Rf1 Ra2 40. Rf2 Ra1 41. Rf1 Rbb1 42. Nb3 Rxb3 43. Rxb3 Rxc1 44. Rxc1 Bxc1 45. Rb7 Be3+ 46. Kf1 Bd5 47. Rc7 Bxc5 48. Rd7 Bc4+ 49. Ke1 Bb4+ 50. Kf2 Bc3 51. Rd6 Bf7 52. Rxc6 Bxe5 53. Rc2 Bd5 54. Rd2 Be4 55. Rd7 Bc6 56. Rd2 Kf7 57. Ra2 Bd5 58. Rd2 Be4 59. Rd1 Kf6 60. Rd2 Kg5 61. Rd1 Kf4 62. Rd2 Bb8 63. Ra2 Bd6 64. Kg1 Kg3 65. Rb2 Bc5+ 66. Kh1 f4 67. Rb5 0-1

[Event "NED-ch U14"]
[Site "Almelo"]
[Date "2022.05.02"]
[Round "2"]
[White "Kumar, Prajit Sai"]
[Black "Agarwal, Pranav"]
[Result "1-0"]
[WhiteElo "2042"]
[BlackElo "1531"]
[PlyCount "169"]
[EventDate "2022.05.01"]
[EventType "swiss"]
[EventRounds "9"]
[EventCountry "NED"]
[SourceTitle "EXT 2023"]
[Source "ChessBase"]
[SourceDate "2022.10.05"]
[SourceVersion "1"]
[SourceVersionDate "2022.10.05"]
[SourceQuality "1"]

1. d4 c5 2. d5 e6 3. e4 exd5 4. exd5 Nf6 5. Nf3 d6 6. Nc3 Bg4 7. Be2 Be7 8. 0-0 Nbd7 9. h3 Bh5 10. Bf4 a6 11. a4 0-0 12. Re1 Re8 13. Nd2 Bg6 14. a5 b5 15. axb6 Nxb6 16. Nc4 Nxc4 17. Bxc4 Qb6 18. b3 Qb4 19. Bd2 Qb6 20. Ra2 Ra7 21. Qf3 Kf8 22. Rea1 Rea8 23. Qe2 Nd7 24. Bxa6 Nb8 25. Bd3 Nd7 26. Bxg6 hxg6 27. Rxa7 Rxa7 28. Re1 Nf6 29. f4 Qb7 30. Qf3 Qb4 31. Kh2 c4 32. Qe3 Rb7 33. Rb1 Rc7 34. Qd4 Nd7 35. Ne4 Qb7 36. Rb2 c3 37. Bxc3 Nf6 38. Bd2 Qxd5 39. Qxd5 Nxd5 40. c4 Nb6 41. Ba5 Rb7 42. Rd2 Nc8 43. b4 f5 44. Nc3 Nb6 45. Bxb6 Rxb6 46. Nd5 Rc6 47. Rc2 Rc8 48. g3 Bd8 49. h4 Ke8 50. Kg2 Kd7 51. Kf3 Ra8 52. Rc3 Kc6 53. Rd3 Ra4 54. Ke2 Ra1 55. b5+ Kc5 56. Ne3 Ra2+ 57. Kf3 Be7 58. Rd5+ Kb6 59. h5 gxh5 60. Nxf5 Ra3+ 61. Kg2 Bf8 62. Nxd6 Rc3 63. Kh3 g6 64. Nf7 Rxc4 65. Ne5 Rc7 66. Nd7+ Kb7 67. Nxf8 g5 68. Rd7 gxf4 69. gxf4 Kc8 70. Rxc7+ Kxc7 71. f5 Kb6 72. f6 Kxb5 73. f7 Kc6 74. Ng6 h4 75. f8Q Kd7 76. Qe7+ Kc6 77. Qd8 Kc5 78. Qd7 Kc4 79. Qd6 Kc3 80. Qd5 Kc2 81. Qd4 Kb1 82. Qd2 Ka1 83. Ne5 Kb1 84. Nc4 Ka1 85. Qb2# 1-0

[Event "Hoogeveen op 24th"]
[Site "Hoogeveen"]
[Date "2021.10.16"]
[Round "2"]
[White "Kumar, Prajit Sai"]
[Black "Van den Berg, Bram"]
[Result "0-1"]
[WhiteElo "1967"]
[BlackElo "2209"]
[PlyCount "90"]
[EventDate "2021.10.15"]
[EventType "swiss"]
[EventRounds "9"]
[EventCountry "NED"]
[SourceTitle "CBM 204 Extra"]
[Source "ChessBase"]
[SourceDate "2021.11.30"]
[SourceVersion "1"]
[SourceVersionDate "2021.11.30"]
[SourceQuality "1"]

1. d4 Nf6 2. Nf3 b5 3. Bf4 e6 4. e3 a6 5. Bd3 Bb7 6. h3 c5 7. dxc5 Bxc5 8. c3 0-0 9. 0-0 Re8 10. Nbd2 d5 11. Qc2 Nbd7 12. e4 Nf8 13. e5 N6d7 14. Nb3 Be7 15. Nbd4 Rc8 16. Qd2 Qb6 17. Be3 Qc7 18. Bf4 Nc5 19. Rac1 Nxd3 20. Qxd3 Ng6 21. Bg3 b4 22. cxb4 Qxc1 23. Rxc1 Rxc1+ 24. Kh2 Rec8 25. b5 a5 26. Nb3 R1c7 27. Nxa5 Bb4 28. Nxb7 Rxb7 29. Nd4 Bc5 30. Nb3 Bb4 31. a4 Rc4 32. f3 h5 33. a5 Rxb5 34. a6 Rb8 35. Qe3 Rc6 36. a7 Ra8 37. Bf2 Nxe5 38. Nd4 Nc4 39. Qb3 Rb6 40. Qa2 Bd6+ 41. Kg1 Rxb2 42. Qa1 Bc5 43. Qa6 Rb6 44. Qa4 Rxa7 45. Qe8+ Kh7 0-1

[Event "NED-ch U14 playoff"]
[Site "Almelo"]
[Date "2021.08.07"]
[Round "1"]
[White "De Winter, Arthur"]
[Black "Kumar, Prajit Sai"]
[Result "1-0"]
[WhiteElo "2000"]
[BlackElo "1811"]
[PlyCount "55"]
[EventDate "2021.08.07"]
[EventType "match (rapid)"]
[EventRounds "2"]
[EventCountry "NED"]
[SourceTitle "EXT 2022"]
[Source "ChessBase"]
[SourceDate "2021.10.06"]
[SourceVersion "1"]
[SourceVersionDate "2021.10.06"]
[SourceQuality "1"]

1. e4 c6 2. d4 d5 3. e5 Bf5 4. h4 h5 5. c4 e6 6. Nc3 dxc4 7. Bxc4 Nd7 8. Nge2 Be7 9. Ng3 Bg6 10. Nge4 Nh6 11. Bxh6 Rxh6 12. g3 Nb6 13. Be2 Qd7 14. Qd2 Rh8 15. 0-0 0-0-0 16. Rfd1 Bf5 17. a3 Kb8 18. b4 Nd5 19. Bf3 Nxc3 20. Nxc3 g5 21. hxg5 Rdg8 22. Na4 Bxg5 23. Nc5 Qc8 24. Qe2 h4 25. g4 Bf4 26. Kh1 Bg6 27. b5 cxb5 28. Qxb5 1-0

[Event "NED-ch U14"]
[Site "Almelo"]
[Date "2021.08.06"]
[Round "8"]
[White "Kumar, Prajit Sai"]
[Black "Kurt, Sascha"]
[Result "1-0"]
[WhiteElo "1811"]
[BlackElo "1650"]
[PlyCount "93"]
[EventDate "2021.08.01"]
[EventType "swiss"]
[EventRounds "9"]
[EventCountry "NED"]
[SourceTitle "EXT 2022"]
[Source "ChessBase"]
[SourceDate "2021.10.06"]
[SourceVersion "1"]
[SourceVersionDate "2021.10.06"]
[SourceQuality "1"]

1. d4 Nf6 2. c4 g6 3. Nc3 Bg7 4. e4 d6 5. Nf3 0-0 6. h3 e5 7. d5 a5 8. g4 Na6 9. Be3 Nd7 10. a3 Nb6 11. Rg1 Bd7 12. h4 Nc5 13. b3 Bf6 14. g5 Bg7 15. h5 a4 16. b4 Nb3 17. Rb1 Qe7 18. Be2 Nc8 19. Nd2 Nd4 20. Bg4 Nb6 21. Bxd7 Qxd7 22. c5 Nc8 23. Nf3 Nxf3+ 24. Qxf3 f5 25. hxg6 hxg6 26. Qh3 Kf7 27. exf5 Qxf5 28. Qxf5+ gxf5 29. Nb5 c6 30. dxc6 bxc6 31. Nxd6+ Nxd6 32. cxd6 Rfd8 33. g6+ Kg8 34. Rd1 Bf8 35. d7 Bg7 36. Bb6 e4 37. Bxd8 Rxd8 38. Rg5 Bb2 39. Rxf5 Bxa3 40. Re5 Bxb4+ 41. Ke2 Kg7 42. Rxe4 c5 43. Re6 a3 44. Rh1 a2 45. Rh7+ Kf8 46. Rf7+ Kg8 47. Re8+ 1-0

[Event "NED-ch U14"]
[Site "Almelo"]
[Date "2021.08.05"]
[Round "6"]
[White "Kumar, Prajit Sai"]
[Black "Bakija, Alan"]
[Result "1/2-1/2"]
[WhiteElo "1811"]
[BlackElo "1870"]
[PlyCount "31"]
[EventDate "2021.08.01"]
[EventType "swiss"]
[EventRounds "9"]
[EventCountry "NED"]
[SourceTitle "EXT 2022"]
[Source "ChessBase"]
[SourceDate "2021.10.06"]
[SourceVersion "1"]
[SourceVersionDate "2021.10.06"]
[SourceQuality "1"]

1. d4 Nf6 2. c4 e6 3. Nc3 Bb4 4. Qc2 0-0 5. Nf3 c5 6. dxc5 Na6 7. g3 Nxc5 8. a3 Bxc3+ 9. Qxc3 Nce4 10. Qc2 d5 11. Bg2 Bd7 12. cxd5 exd5 13. 0-0 Rc8 14. Qd1 a5 15. Be3 a4 16. Qd3 1/2-1/2

[Event "Groningen op-B 57th"]
[Site "Groningen"]
[Date "2019.12.28"]
[Round "7"]
[White "Kumar, Prajit Sai"]
[Black "Reinders, Joan"]
[Result "1-0"]
[WhiteElo "1534"]
[BlackElo "1872"]
[PlyCount "63"]
[EventDate "2019.12.21"]
[EventType "swiss"]
[EventRounds "9"]
[EventCountry "NED"]
[SourceTitle "CBM 194 Extra"]
[Source "ChessBase"]
[SourceDate "2020.03.31"]
[SourceVersion "1"]
[SourceVersionDate "2020.03.31"]
[SourceQuality "1"]

1. d4 Nf6 2. c4 g6 3. Nc3 d5 4. Nf3 Bg7 5. h4 h5 6. Bg5 c6 7. cxd5 Nxd5 8. e4 Nxc3 9. bxc3 Bg4 10. Be2 Nd7 11. 0-0 0-0 12. Rb1 b6 13. Qd3 Rc8 14. Rbc1 f6 15. Be3 c5 16. Rfd1 Qe8 17. Qd2 Nb8 18. dxc5 bxc5 19. Rb1 Qc6 20. Qd5+ Kh7 21. Qxc6 Rxc6 22. Rb7 e5 23. Rxa7 f5 24. Ng5+ Kh8 25. f3 f4 26. Bxc5 Rxc5 27. fxg4 Re8 28. gxh5 Bf6 29. Nf7+ Kg8 30. Nh6+ Kh8 31. hxg6 Rxc3 32. Rh7# 1-0

[Event "NED-ch U14 op"]
[Site "Borne"]
[Date "2019.08.07"]
[Round "5"]
[White "Kumar, Prajit Sai"]
[Black "Goudriaan, Rafael"]
[Result "1-0"]
[WhiteElo "1574"]
[BlackElo "1719"]
[PlyCount "77"]
[EventDate "2019.08.05"]
[EventType "swiss"]
[EventRounds "9"]
[EventCountry "NED"]
[SourceTitle "EXT 2020"]
[Source "ChessBase"]
[SourceDate "2019.10.17"]
[SourceVersion "1"]
[SourceVersionDate "2019.10.17"]
[SourceQuality "1"]

1. d4 d5 2. c4 e6 3. cxd5 exd5 4. Nc3 Nf6 5. Nf3 Bb4 6. Bd2 0-0 7. e3 Bg4 8. Be2 c6 9. 0-0 Nbd7 10. a3 Ba5 11. Ne1 Bf5 12. Bd3 Be6 13. Ne2 Bc7 14. Qc2 Rc8 15. f4 Nb6 16. Nf3 h6 17. Ng3 Re8 18. Rae1 Bb8 19. Bc3 Bd7 20. Ne5 Ng4 21. Rf3 Bxe5 22. fxe5 Nxh2 23. Kxh2 Qh4+ 24. Kg1 Bg4 25. Nf5 Qg5 26. Rf2 Rcd8 27. Nd6 Re7 28. Ba5 h5 29. Bf5 h4 30. Bxg4 Qxg4 31. Qf5 Qg3 32. Rf3 Qg6 33. Qxg6 fxg6 34. Bxb6 axb6 35. Ref1 Rdd7 36. Rf8+ Kh7 37. R8f7 c5 38. e6 Rc7 39. Nb5 1-0

[Event "NED-ch U14 op"]
[Site "Borne"]
[Date "2019.08.06"]
[Round "2"]
[White "Kumar, Prajit Sai"]
[Black "Tiggelman, Vincent"]
[Result "1/2-1/2"]
[WhiteElo "1574"]
[BlackElo "1358"]
[PlyCount "56"]
[EventDate "2019.08.05"]
[EventType "swiss"]
[EventRounds "9"]
[EventCountry "NED"]
[SourceTitle "EXT 2020"]
[Source "ChessBase"]
[SourceDate "2019.10.17"]
[SourceVersion "1"]
[SourceVersionDate "2019.10.17"]
[SourceQuality "1"]

1. d4 c6 2. c4 d5 3. cxd5 cxd5 4. Nc3 e6 5. Nf3 Nc6 6. Bf4 Bd6 7. Bxd6 Qxd6 8. e3 Nge7 9. a3 0-0 10. Bd3 Rd8 11. 0-0 e5 12. dxe5 Nxe5 13. Nxe5 Qxe5 14. Qc2 g6 15. Nb5 Be6 16. Nd4 Rac8 17. Qd2 Nc6 18. Nxc6 Rxc6 19. Rac1 Rcc8 20. Rxc8 Rxc8 21. f4 Qd6 22. f5 Bd7 23. fxg6 hxg6 24. Bb1 Be6 25. Rd1 Qb6 26. Kh1 Qc6 27. h3 b6 28. Bd3 Qa4 1/2-1/2